| 000 | 01402cad a22002055a 4500 | ||
|---|---|---|---|
| 001 | L141369 | ||
| 008 | 071119s2007 xxk f f000 0 eng d | ||
| 035 | _a(Sirsi) u141369 | ||
| 041 | 0 | _aeng | |
| 050 | 0 | 4 | _a333.72 $2 18 |
| 110 | 1 |
_aUnited Kingdom _bDepartment for Business, Enterprise and Regulatory Reform _95262 |
|
| 245 | 0 | 0 |
_aOnshore wind energy planning conditions guidance note _ba report for the Renewables Advisory Board and BERR, October 2007 _h[electronic resource] |
| 260 |
_aLondon _bBERR _c2007 |
||
| 520 | _aProvides a planning guidance tool specific to wind energy developments. Aims to allow a condition to be attached to developments where the granting permission would otherwise be unsuitable. Presents six criteria which should apply to any such condition. The planning condition should be necessary; relevant to planning; relevant to the development; enforceable; precise; and reasonable. The guidance, which is not intended to be definitive, is aimed at Local Planning Authorities and similar bodies, consultees, objector groups, developers, potential wind developers and other stakeholders. | ||
| 590 | _aKA | ||
| 651 | 4 |
_aUnited Kingdom _y |
|
| 690 | _aENVIRONMENTAL AND LAND CONSULTANCY-ENERGY-RENEWABLE ENERGY | ||
| 856 | 4 | 0 |
_uhttps://webarchive.nationalarchives.gov.uk/+/http:/www.berr.gov.uk/files/file35240.pdf _zView the item free of charge at berr.gov.uk |
| 942 | _n0 | ||
| 999 |
_c107634 _d107634 |
||